| 000 | 00417nam a22001217a 4500 | ||
|---|---|---|---|
| 999 |
_c9501 _d9501 |
||
| 003 | OSt | ||
| 008 | 201203b ||||| |||| 00| 0 eng d | ||
| 245 | _aIndian Journal of Mechanical Engineering Reasearch | ||
| 250 | _a2017(Jan-Jun Vol.7 No.1, Jul-Dec Vol.7 No.2) 2018(Jan-Jun Vol.8 No.1, Jul-Dec Vol.8 No.2) | ||
| 260 |
_aNew Delhi _bGBS Publishers And Distributors |
||
| 650 | _aMechanical Engineering | ||
| 942 |
_2ddc _cBV |
||